| 000 | 00864cam a2200277 4500 | ||
|---|---|---|---|
| 001 | 690 | ||
| 005 | 20230630085043.0 | ||
| 008 | 700617s1970 nyua j 000 1 eng | ||
| 040 |
_aDLC _beng _cDLC _dDLC |
||
| 050 | 0 | 0 |
_aPZ7.C5792 _bRu |
| 082 | 0 | 0 | _a[Fic] |
| 100 | 1 | _aCleary, Beverly. | |
| 245 | 1 | 0 |
_aRunaway Ralph / _cillustrated by Louis Darling. |
| 250 | _aFirst Scholastic printing, September 1998 | ||
| 260 |
_aNew York : _bScholastic; _c1998 |
||
| 300 |
_a175 pages : _billustrations ; _c20 cm. |
||
| 505 | _aQ | ||
| 520 | _aRalph runs away looking for freedom but winds up a prisoner at a summer camp. | ||
| 521 |
_a890
_bLexile |
||
| 521 |
_aQ
_bRaz-Plus |
||
| 650 |
_aMice _vFiction. |
||
| 650 |
_aMice _vFiction. |
||
| 700 | 1 |
_aDarling, Louis, _eillustrator. |
|
| 906 |
_a7 _bcbc _corignew _du _encip _f19 _gy-gencatlg |
||
| 942 |
_2ddc _cBK _n0 |
||
| 999 |
_c690 _d690 |
||